Ngữ văn 10 T1 nâng cao

Tallennettuna:
Bibliografiset tiedot
Aineistotyyppi: Kirja
Kieli:Undetermined
Julkaistu: Hà Nội Giáo Dục 2006
Aiheet:
Tagit: Lisää tagi
Ei tageja, Lisää ensimmäinen tagi!
Thư viện lưu trữ: Trung tâm Học liệu Trường Đại học Cần Thơ
LEADER 00512nam a2200193Ia 4500
001 CTU_106736
008 210402s9999 xx 000 0 und d
020 |c 8500 
082 |a 495.9220712 
082 |b Ng550/T1/L10 
245 0 |a Ngữ văn 10 T1 nâng cao 
245 0 |c Trần Quang Vinh 
260 |a Hà Nội 
260 |b Giáo Dục 
260 |c 2006 
650 |a Philology 
650 |x Study and teaching 
904 |i Tuyến 
980 |a Trung tâm Học liệu Trường Đại học Cần Thơ